[Event "LTU-ch U18"]
[White "Boyajyan, David"]
[Black "Stremavicius, Pijus"]
[Site "Vilnius"]
[Round "1"]
[Result "0-1"]
[Date "2021.06.02"]
[WhiteElo "1900"]
[BlackElo "2228"]
[PlyCount "40"]
[EventDate "2021.06.02"]
[EventType "swiss"]
[EventRounds "7"]
[EventCountry "LTU"]
[SourceTitle "EXT 2023"]
[Source "ChessBase"]
[SourceDate "2022.10.05"]
[SourceVersion "1"]
[SourceVersionDate "2022.10.05"]
[SourceQuality "1"]

1. d4 Nf6 2. Nf3 b6 3. g3 Bb7 4. Bg2 g6 5. c4 Bg7 6. Nc3 Ne4 7. 0-0 Nxc3 8. bxc3 0-0 9. Qc2 Nc6 10. Nd2 Na5 11. Bxb7 Nxb7 12. e4 e6 13. e5 d6 14. Qe4 Na5 15. Ba3 Qd7 16. Rad1 Rad8 17. c5 Qa4 18. Bb4 bxc5 19. dxc5 d5 20. Qe2 Nc6 0-1

[Event "Klaipeda Sea op-A 17th"]
[White "Aleidzans, Vadims"]
[Black "Boyajyan, David"]
[Site "Klaipeda"]
[Round "6"]
[Result "0-1"]
[Date "2020.07.25"]
[WhiteElo "1418"]
[BlackElo "1949"]
[PlyCount "56"]
[EventDate "2020.07.20"]
[EventType "swiss"]
[EventRounds "7"]
[EventCountry "LTU"]
[SourceTitle "CBM 197 Extra"]
[Source "ChessBase"]
[SourceDate "2020.09.30"]
[SourceVersion "1"]
[SourceVersionDate "2020.09.30"]
[SourceQuality "1"]

1. e4 e6 2. d4 d5 3. Nd2 Nf6 4. e5 Nfd7 5. Bd3 c5 6. c3 Nc6 7. Ne2 Qb6 8. Nf3 cxd4 9. cxd4 Bb4+ 10. Bd2 f6 11. exf6 Nxf6 12. 0-0 0-0 13. Rc1 Bd6 14. Bc3 Qc7 15. Ne5 Bxe5 16. dxe5 Ng4 17. f4 Qb6+ 18. Kh1 Nf2+ 19. Rxf2 Qxf2 20. Qa4 Bd7 21. Bd2 Nxe5 22. Qb3 Nxd3 23. Qxd3 Rac8 24. Bc3 Rc4 25. Ng3 Rcxf4 26. Bd2 Rd4 27. Qc3 Rxd2 28. Rg1 Qxg1+ 0-1

[Event "Klaipeda Sea op-A 17th"]
[White "Laurusas, Tomas"]
[Black "Boyajyan, David"]
[Site "Klaipeda"]
[Round "2"]
[Result "1-0"]
[Date "2020.07.21"]
[WhiteElo "2511"]
[BlackElo "1949"]
[PlyCount "43"]
[EventDate "2020.07.20"]
[EventType "swiss"]
[EventRounds "7"]
[EventCountry "LTU"]
[SourceTitle "CBM 197 Extra"]
[Source "ChessBase"]
[SourceDate "2020.09.30"]
[SourceVersion "1"]
[SourceVersionDate "2020.09.30"]
[SourceQuality "1"]

1. c4 e5 2. g3 d6 3. Bg2 f5 4. Nc3 Nf6 5. d4 Be7 6. Nf3 Nbd7 7. 0-0 0-0 8. Ng5 Nb6 9. Qb3 c5 10. dxc5 dxc5 11. Rd1 Qc7 12. Nb5 Qb8 13. Bd2 h6 14. Nf3 Bd7 15. Bc3 Bxb5 16. Qxb5 e4 17. Nh4 Qe8 18. Nxf5 Qf7 19. f3 Rae8 20. fxe4 Qxc4 21. Qxc4+ Nxc4 22. e5 1-0

[Event "Plunge op 40th"]
[White "Vardanyan, Aras"]
[Black "Boyajyan, David"]
[Site "Plateliai"]
[Round "2"]
[Result "1-0"]
[Date "2020.07.14"]
[WhiteElo "2163"]
[BlackElo "1949"]
[PlyCount "83"]
[EventDate "2020.07.13"]
[EventType "swiss"]
[EventRounds "9"]
[EventCountry "LTU"]
[SourceTitle "CBM 197 Extra"]
[Source "ChessBase"]
[SourceDate "2020.09.30"]
[SourceVersion "1"]
[SourceVersionDate "2020.09.30"]
[SourceQuality "1"]

1. c4 e6 2. Nc3 f5 3. g3 c6 4. Bg2 d5 5. Nf3 Nf6 6. 0-0 d4 7. Nb1 c5 8. e3 Nc6 9. exd4 cxd4 10. d3 Bd6 11. Na3 0-0 12. Re1 e5 13. c5 Bc7 14. Nc4 Re8 15. Ng5 h6 16. Nb6 hxg5 17. Nxa8 Ba5 18. Bd2 Bxd2 19. Qxd2 Bd7 20. b4 Qxa8 21. b5 Nd8 22. a4 g4 23. Rac1 Qc8 24. Qa5 f4 25. c6 bxc6 26. gxf4 exf4 27. Rxe8+ Bxe8 28. Qxa7 f3 29. Bf1 g3 30. hxg3 Qg4 31. b6 Qh5 32. Qe7 Nb7 33. Qe6+ Bf7 34. Qh3 Qd5 35. Qc8+ Be8 36. Qxb7 Qg5 37. Re1 Bd7 38. Qb8+ Kh7 39. Qe5 Qh6 40. Re4 Ng4 41. Rxg4 Bxg4 42. Qe4+ 1-0

[Event "LTU-ch Rapid op"]
[White "Pultinevicius, Paulius"]
[Black "Boyajyan, David"]
[Site "Panevezys"]
[Round "1.5"]
[Result "1-0"]
[Date "2020.07.04"]
[WhiteElo "2526"]
[BlackElo "1784"]
[PlyCount "45"]
[EventDate "2020.07.04"]
[EventType "swiss (rapid)"]
[EventRounds "11"]
[EventCountry "LTU"]
[SourceTitle "EXT 2023"]
[Source "ChessBase"]
[SourceDate "2022.10.05"]
[SourceVersion "1"]
[SourceVersionDate "2022.10.05"]
[SourceQuality "1"]

1. e4 e6 2. d4 d5 3. Bd3 c5 4. exd5 exd5 5. Nf3 Nf6 6. 0-0 c4 7. Re1+ Be7 8. Bf1 0-0 9. b3 b5 10. a4 cxb3 11. axb5 bxc2 12. Qxc2 a6 13. Bf4 Bd6 14. Ne5 Nh5 15. Bd2 Bb7 16. Bd3 Nf6 17. Ba5 Qc8 18. Nc3 axb5 19. Bf5 Nbd7 20. Nxd7 Nxd7 21. Bxh7+ Kh8 22. Re3 Nf6 23. Bf5 1-0

[Event "Panevezys Kveinys Memorial op"]
[White "Aleknavicius, Andrius"]
[Black "Boyajyan, David"]
[Site "Panevezys"]
[Round "9"]
[Result "1-0"]
[Date "2020.07.03"]
[WhiteElo "1895"]
[BlackElo "1949"]
[PlyCount "77"]
[EventDate "2020.06.26"]
[EventType "swiss"]
[EventRounds "9"]
[EventCountry "LTU"]
[SourceTitle "CBM 197 Extra"]
[Source "ChessBase"]
[SourceDate "2020.09.30"]
[SourceVersion "1"]
[SourceVersionDate "2020.09.30"]
[SourceQuality "1"]

1. d4 Nf6 2. Nc3 e6 3. Bf4 c5 4. d5 d6 5. e4 e5 6. Be3 Be7 7. h3 h5 8. Be2 a6 9. a4 g6 10. Nf3 Nh7 11. Nd2 h4 12. f4 exf4 13. Bxf4 Bg5 14. Bh2 Bxd2+ 15. Qxd2 0-0 16. 0-0 Qe7 17. Qf4 Rd8 18. Rae1 g5 19. Qf2 Nd7 20. Bc4 f6 21. a5 Ne5 22. Bxe5 fxe5 23. Na4 Rf8 24. Qe2 Bd7 25. Nxc5 Rf4 26. Nxd7 Qxd7 27. Rxf4 gxf4 28. Qh5 Qc7 29. Be2 Qxc2 30. Bg4 Kg7 31. Qxh4 Rf8 32. Qe7+ Kh8 33. Bf5 Rxf5 34. exf5 f3 35. Qe8+ Kg7 36. Qg6+ Kh8 37. gxf3 Qd2 38. Rf1 Ng5 39. f6 1-0

[Event "Panevezys Kveinys Memorial op"]
[White "Malisauskas, Vidmantas"]
[Black "Boyajyan, David"]
[Site "Panevezys"]
[Round "5"]
[Result "1-0"]
[Date "2020.06.29"]
[WhiteElo "2423"]
[BlackElo "1949"]
[PlyCount "75"]
[EventDate "2020.06.26"]
[EventType "swiss"]
[EventRounds "9"]
[EventCountry "LTU"]
[SourceTitle "CBM 197 Extra"]
[Source "ChessBase"]
[SourceDate "2020.09.30"]
[SourceVersion "1"]
[SourceVersionDate "2020.09.30"]
[SourceQuality "1"]

1. e4 e6 2. d4 d5 3. Nd2 c5 4. Ngf3 Nc6 5. exd5 exd5 6. Bb5 cxd4 7. 0-0 Bd6 8. Nb3 Nge7 9. Nbxd4 0-0 10. h3 Bd7 11. Be2 Rc8 12. Be3 Bb8 13. c3 Na5 14. Qd2 Nc4 15. Bxc4 dxc4 16. Bf4 Bxf4 17. Qxf4 Ng6 18. Qd2 Bc6 19. Nh2 Qd5 20. f3 Ne5 21. Ng4 Nd3 22. Nf2 Nc5 23. Rfe1 Rfe8 24. Rxe8+ Rxe8 25. Re1 Rxe1+ 26. Qxe1 Ne6 27. Nxe6 Qxe6 28. Qxe6 fxe6 29. Ng4 Kf8 30. Kf2 Ke7 31. Ke3 Kd6 32. Kd4 b5 33. Ne5 Be8 34. h4 h5 35. a4 a6 36. a5 Ke7 37. Kc5 Kf6 38. Kd6 1-0

[Event "LTU-ch Rapid op"]
[White "Boyajyan, David"]
[Black "Malisauskas, Vidmantas"]
[Site "Taujenai"]
[Round "2.3"]
[Result "0-1"]
[Date "2019.10.19"]
[WhiteElo "1841"]
[BlackElo "2384"]
[PlyCount "66"]
[EventDate "2019.10.19"]
[EventType "swiss (rapid)"]
[EventRounds "11"]
[EventCountry "LTU"]
[SourceTitle "EXT 2023"]
[Source "ChessBase"]
[SourceDate "2022.10.05"]
[SourceVersion "1"]
[SourceVersionDate "2022.10.05"]
[SourceQuality "1"]

1. Nf3 g6 2. g3 Bg7 3. Bg2 e5 4. d3 c5 5. c4 Nc6 6. 0-0 Nge7 7. Nc3 0-0 8. e4 d6 9. a3 f5 10. Nd5 h6 11. Rb1 Nxd5 12. cxd5 Ne7 13. b4 b6 14. Nd2 f4 15. Nc4 g5 16. f3 b5 17. Na5 cxb4 18. axb4 Qb6+ 19. Kh1 Bd7 20. Bb2 Rac8 21. Rc1 Rxc1 22. Qxc1 Rc8 23. Qd2 Qe3 24. Qxe3 fxe3 25. Re1 Rc2 26. Bc1 e2 27. Kg1 Nxd5 28. exd5 e4 29. Be3 exd3 30. Kf2 Bc3 31. Nb3 Bxb4 32. Nc1 Bxe1+ 33. Kxe1 Bf5 0-1

[Event "Plunge op-A 39th"]
[White "Narmontas, Raimondas"]
[Black "Boyajyan, David"]
[Site "Plateliai"]
[Round "8"]
[Result "1/2-1/2"]
[Date "2019.07.20"]
[WhiteElo "2002"]
[BlackElo "1867"]
[PlyCount "80"]
[EventDate "2019.07.15"]
[EventType "swiss"]
[EventRounds "9"]
[EventCountry "LTU"]
[SourceTitle "CBM 191 Extra"]
[Source "ChessBase"]
[SourceDate "2019.09.30"]
[SourceVersion "1"]
[SourceVersionDate "2019.09.30"]
[SourceQuality "1"]

1. e4 e6 2. d3 d5 3. Nd2 b5 4. Ngf3 Nf6 5. e5 Nfd7 6. d4 a6 7. Bd3 c5 8. c3 Nc6 9. 0-0 Qb6 10. Nb3 c4 11. Bc2 cxb3 12. axb3 Bb7 13. Ng5 Be7 14. Nxh7 0-0-0 15. Ng5 Bxg5 16. Bxg5 f6 17. Be3 Rdf8 18. c4 fxe5 19. cxd5 exd5 20. dxe5 d4 21. e6 Nde5 22. Bg5 Qc5 23. Be4 d3 24. e7 Rf7 25. Rc1 Qd6 26. f4 d2 27. Bxc6 Qd4+ 28. Kh1 dxc1Q 29. Bxb7+ Kxb7 30. Qxc1 Ng4 31. h3 Ne3 32. Rf3 Nd5 33. Qc2 Nxf4 34. Qc1 Nxh3 35. Rxh3 Rxh3+ 36. gxh3 Qe4+ 37. Kg1 Rf3 38. Qd2 Qb1+ 39. Kh2 Qf5 40. Qg2 Qf6 1/2-1/2

[Event "Plunge op-A 39th"]
[White "Eigminas, Kipras"]
[Black "Boyajyan, David"]
[Site "Plateliai"]
[Round "6"]
[Result "1-0"]
[Date "2019.07.18"]
[WhiteElo "2058"]
[BlackElo "1867"]
[PlyCount "83"]
[EventDate "2019.07.15"]
[EventType "swiss"]
[EventRounds "9"]
[EventCountry "LTU"]
[SourceTitle "CBM 191 Extra"]
[Source "ChessBase"]
[SourceDate "2019.09.30"]
[SourceVersion "1"]
[SourceVersionDate "2019.09.30"]
[SourceQuality "1"]

1. e4 e6 2. d4 d5 3. Nd2 Nf6 4. e5 Nfd7 5. Bd3 c5 6. c3 Nc6 7. Ne2 Qb6 8. Nf3 cxd4 9. cxd4 Bb4+ 10. Bd2 f6 11. exf6 Nxf6 12. 0-0 0-0 13. Bf4 Nh5 14. Bg5 Bd6 15. Qc2 h6 16. Bh7+ Kh8 17. Nh4 hxg5 18. Ng6+ Kxh7 19. Nxf8+ Kg8 20. Qh7+ Kxf8 21. Qh8+ Ke7 22. Qxh5 Nxd4 23. Qxg5+ Kf7 24. Qh5+ Kg8 25. Qe8+ Kh7 26. Nxd4 Qxd4 27. Rac1 Qf4 28. Rfe1 Qxh2+ 29. Kf1 Bc7 30. Rc3 b6 31. Qa4 Qh1+ 32. Ke2 Qh5+ 33. g4 Ba6+ 34. Kd1 Qg6 35. Qxa6 Qxg4+ 36. Qe2 Qd4+ 37. Kc2 Bf4 38. Qxe6 Qxf2+ 39. Re2 Qf1 40. Qf5+ Kg8 41. Qxd5+ Kh7 42. Qd3+ 1-0

[Event "LTU-ch"]
[White "Sarauskas, Andrius"]
[Black "Boyajyan, David"]
[Site "Vilnius"]
[Round "5"]
[Result "1/2-1/2"]
[Date "2019.03.17"]
[WhiteElo "1703"]
[BlackElo "1868"]
[PlyCount "58"]
[EventDate "2019.03.15"]
[EventType "swiss"]
[EventRounds "9"]
[EventCountry "LTU"]
[SourceTitle "EXT 2020"]
[Source "ChessBase"]
[SourceDate "2019.10.17"]
[SourceVersion "1"]
[SourceVersionDate "2019.10.17"]
[SourceQuality "1"]

1. Nf3 d5 2. g3 Nf6 3. Bg2 Bf5 4. 0-0 e6 5. d3 h6 6. Nbd2 Be7 7. b3 c5 8. Bb2 Nc6 9. c4 d4 10. a3 0-0 11. b4 cxb4 12. axb4 Bxb4 13. Nb3 e5 14. Nfd2 Nd7 15. Ba3 a5 16. Bxb4 axb4 17. Rxa8 Qxa8 18. Qc2 Qc8 19. Ne4 Qc7 20. Ra1 Be6 21. Nec5 Nxc5 22. Nxc5 Qe7 23. Nxe6 Qxe6 24. Qa4 Rb8 25. Qb5 Qd6 26. Qb6 Qd8 27. Qb5 h5 28. h4 g6 29. Ra4 Qd6 1/2-1/2

[Event "LTU-ch"]
[White "Boyajyan, David"]
[Black "Juksta, Karolis"]
[Site "Vilnius"]
[Round "2"]
[Result "1/2-1/2"]
[Date "2019.03.16"]
[WhiteElo "1868"]
[BlackElo "2281"]
[PlyCount "77"]
[EventDate "2019.03.15"]
[EventType "swiss"]
[EventRounds "9"]
[EventCountry "LTU"]
[SourceTitle "CBM 189 Extra"]
[Source "ChessBase"]
[SourceDate "2019.05.31"]
[SourceVersion "1"]
[SourceVersionDate "2019.05.31"]
[SourceQuality "1"]

1. d4 e6 2. c4 Nf6 3. Nc3 Bb4 4. g3 d5 5. Bg2 0-0 6. Nf3 dxc4 7. Ne5 Nd5 8. Bd2 Nb6 9. Nb5 a5 10. Bc3 f6 11. Nf3 Bd7 12. Na3 Qe7 13. Nc2 Bxc3+ 14. bxc3 Nd5 15. Qd2 b5 16. e4 Nb6 17. 0-0 Na6 18. Nh4 b4 19. Ne3 Bb5 20. e5 Rad8 21. exf6 gxf6 22. Rae1 bxc3 23. Qe2 Qg7 24. Qh5 Qg5 25. Qe2 Rfe8 26. f4 Qg7 27. Qh5 c6 28. Nef5 Qd7 29. Nh6+ Kf8 30. f5 e5 31. dxe5 c2 32. exf6 Rxe1 33. Rxe1 Qd4+ 34. Kh1 Qxf6 35. Ng4 Qc3 36. Qh6+ Qg7 37. Qh5 Qc3 38. Qh6+ Qg7 39. Qh5 1/2-1/2

[Event "LTU-chT"]
[White "Babrauskas, Darius"]
[Black "Boyajyan, David"]
[Site "Lithuania"]
[Round "2.1"]
[Result "1/2-1/2"]
[Date "2019.01.27"]
[WhiteElo "2019"]
[BlackElo "1890"]
[PlyCount "112"]
[EventDate "2019.01.26"]
[EventType "team-swiss"]
[EventRounds "7"]
[EventCountry "LTU"]
[SourceTitle "CBM 188 Extra"]
[Source "ChessBase"]
[SourceDate "2019.02.28"]
[SourceVersion "1"]
[SourceVersionDate "2019.02.28"]
[SourceQuality "1"]
[WhiteTeam "Marijampole Suduvos Jaunimas"]
[BlackTeam "Kaunas Ezerelio"]
[WhiteTeamCountry "LTU"]
[BlackTeamCountry "LTU"]

1. e4 e6 2. d4 d5 3. Nc3 Nf6 4. Bg5 Be7 5. e5 Nfd7 6. h4 Nc6 7. Nh3 h6 8. Bxe7 Qxe7 9. Qg4 g6 10. 0-0-0 Nb6 11. Bb5 Bd7 12. h5 gxh5 13. Qxh5 0-0-0 14. g3 a6 15. Be2 Na5 16. Qf3 Nac4 17. Nf4 c5 18. dxc5 Qxc5 19. Nd3 Qc7 20. Qf4 Kb8 21. Kb1 d4 22. Ne4 Nd5 23. Qxf7 Nxe5 24. Qg7 Nxd3 25. Bxd3 e5 26. Rxh6 Rxh6 27. Qxh6 Bg4 28. Re1 Qa5 29. Qd2 Qb6 30. Ka1 Rc8 31. Qg5 Qe6 32. a3 Rg8 33. Qd2 Qc6 34. Qa5 Rf8 35. Qc5 Qxc5 36. Nxc5 Rxf2 37. Rxe5 Ne3 38. Kb1 Rg2 39. Re8+ Kc7 40. b4 Nd5 41. Rg8 Nc3+ 42. Kb2 Rg1 43. Rg7+ Kd8 44. Nxb7+ Kc8 45. Nd6+ Kb8 46. a4 Rb1+ 47. Ka3 Ra1+ 48. Kb2 Rb1+ 49. Ka3 Ra1+ 50. Kb2 Rb1+ 51. Ka3 Ra1+ 52. Kb3 Be6+ 53. Bc4 Rb1+ 54. Ka3 Ra1+ 55. Kb2 Rb1+ 56. Ka3 Ra1+ 1/2-1/2

[Event "LTU-chT"]
[White "Boyajyan, David"]
[Black "Pilipuitis, Mantas"]
[Site "Lithuania"]
[Round "1.1"]
[Result "1-0"]
[Date "2019.01.26"]
[WhiteElo "1890"]
[BlackElo "1825"]
[PlyCount "91"]
[EventDate "2019.01.26"]
[EventType "team-swiss"]
[EventRounds "7"]
[EventCountry "LTU"]
[SourceTitle "CBM 188 Extra"]
[Source "ChessBase"]
[SourceDate "2019.02.28"]
[SourceVersion "1"]
[SourceVersionDate "2019.02.28"]
[SourceQuality "1"]
[WhiteTeam "Kaunas Ezerelio"]
[BlackTeam "Vilnius Tauras"]
[WhiteTeamCountry "LTU"]
[BlackTeamCountry "LTU"]

1. d4 Nf6 2. c4 g6 3. Nc3 d5 4. Nf3 Bg7 5. Bg5 Ne4 6. cxd5 Nxg5 7. Nxg5 e6 8. Nf3 exd5 9. e3 0-0 10. Bd3 Be6 11. 0-0 Nd7 12. Qe2 Re8 13. Rfc1 a6 14. b4 Qe7 15. Rab1 c6 16. Na4 b5 17. Nc5 Nxc5 18. Rxc5 Bd7 19. Qd1 Qd6 20. Nd2 f5 21. g3 g5 22. Qh5 Qh6 23. Qxh6 Bxh6 24. Nf3 a5 25. Ne5 Rxe5 26. dxe5 Bf8 27. Rc2 Kf7 28. bxa5 Rxa5 29. f3 c5 30. e4 dxe4 31. fxe4 f4 32. gxf4 c4 33. f5 Bc6 34. e6+ Kf6 35. Re1 Bc5+ 36. Kf1 Ke5 37. Be2 Bb4 38. Rb1 Bc5 39. Re1 Bb4 40. Rb1 Bc5 41. Bf3 b4 42. Rxc4 Bb5 43. Be2 Bxc4 44. Bxc4 Kxe4 45. f6 Ra7 46. e7 1-0

[Event "Vilnius Zavanelli Memorial op-A"]
[White "Golubovskis, Maksims"]
[Black "Boyajyan, David"]
[Site "Vilnius"]
[Round "7"]
[Result "1-0"]
[Date "2018.10.26"]
[WhiteElo "2049"]
[BlackElo "1868"]
[PlyCount "55"]
[EventDate "2018.10.22"]
[EventType "swiss"]
[EventRounds "9"]
[EventCountry "LTU"]
[SourceTitle "CBM 187 Extra"]
[Source "ChessBase"]
[SourceDate "2018.11.04"]
[SourceVersion "1"]
[SourceVersionDate "2018.11.04"]
[SourceQuality "1"]

1. e4 e6 2. d4 d5 3. Bd3 c5 4. exd5 exd5 5. Nc3 Nf6 6. dxc5 Bxc5 7. Nf3 0-0 8. 0-0 h6 9. h3 Be6 10. a3 a6 11. b4 Bd6 12. Bb2 Nbd7 13. Ne2 Rc8 14. Ned4 Re8 15. Re1 Nf8 16. Qd2 Qd7 17. Nxe6 Nxe6 18. Bxf6 Bf4 19. Qd1 gxf6 20. Nh4 Kh8 21. Qg4 Rg8 22. Qf5 Rg7 23. Rxe6 Bh2+ 24. Kxh2 Qxe6 25. Ng6+ Rxg6 26. Qxe6 Rxg2+ 27. Kxg2 fxe6 28. a4 1-0

[Event "Klaipeda Sea op-A 15th"]
[White "Boyajyan, David"]
[Black "Uogele, Anicetas B"]
[Site "Klaipeda"]
[Round "7"]
[Result "1/2-1/2"]
[Date "2018.07.29"]
[WhiteElo "1655"]
[BlackElo "2128"]
[PlyCount "88"]
[EventDate "2018.07.23"]
[EventType "swiss"]
[EventRounds "7"]
[EventCountry "LTU"]
[SourceTitle "CBM 186 Extra"]
[Source "ChessBase"]
[SourceDate "2018.08.24"]
[SourceVersion "1"]
[SourceVersionDate "2018.08.24"]
[SourceQuality "1"]

1. d4 c5 2. d5 e5 3. e4 d6 4. Bb5+ Nd7 5. a4 Be7 6. Nf3 Ngf6 7. Nc3 0-0 8. Nd2 Ne8 9. 0-0 g6 10. Bd3 Ng7 11. Nc4 f5 12. f4 fxe4 13. Nxe4 Nh5 14. fxe5 dxe5 15. d6 Bf6 16. Be2 Nf4 17. Bxf4 exf4 18. Qd5+ Kg7 19. Kh1 g5 20. a5 Rb8 21. Nxc5 Nxc5 22. Qxc5 Be6 23. Qxa7 Bxc4 24. Bxc4 Qxd6 25. Rad1 Qc6 26. Bd5 Qa6 27. Qf2 Qxa5 28. Qf3 Qc5 29. Qh5 Qxc2 30. Rc1 Qg6 31. Rc7+ Kh8 32. Qf3 Bg7 33. Be4 g4 34. Qd3 Qa6 35. Qb1 f3 36. gxf3 Qb6 37. Qc1 Qxb2 38. Qxb2 Bxb2 39. Rxh7+ Kg8 40. Rg1 Rf4 41. Rxb7 Rxb7 42. Bxb7 Bd4 43. Rxg4+ Rxg4 44. fxg4 Kg7 1/2-1/2

[Event "Klaipeda Sea op-A 15th"]
[White "Boyajyan, David"]
[Black "Pidluznij, Gleb"]
[Site "Klaipeda"]
[Round "5"]
[Result "0-1"]
[Date "2018.07.27"]
[WhiteElo "1655"]
[BlackElo "1857"]
[PlyCount "98"]
[EventDate "2018.07.23"]
[EventType "swiss"]
[EventRounds "7"]
[EventCountry "LTU"]
[SourceTitle "CBM 186 Extra"]
[Source "ChessBase"]
[SourceDate "2018.08.24"]
[SourceVersion "1"]
[SourceVersionDate "2018.08.24"]
[SourceQuality "1"]

1. d4 Nf6 2. c4 g6 3. Nc3 Bg7 4. e4 d6 5. Be2 0-0 6. Bg5 c5 7. d5 e6 8. Qd2 exd5 9. exd5 Re8 10. Nf3 Bg4 11. 0-0 Nbd7 12. Rae1 a6 13. h3 Bxf3 14. Bxf3 Ne5 15. Be2 Qa5 16. Qf4 Nfd7 17. Ne4 f5 18. Qd2 Qxd2 19. Nxd2 Nf7 20. Be3 Bxb2 21. Rb1 Bc3 22. Rxb7 Nf6 23. Nb1 Ba5 24. Bd1 Rab8 25. Rxb8 Rxb8 26. Bb3 Nd7 27. Rd1 Nde5 28. f4 Nd7 29. Nd2 Nf6 30. Kf2 Bc3 31. Kf3 h5 32. Rb1 a5 33. Bc2 Re8 34. Rb3 Bb4 35. Rb1 Nd7 36. Ba4 Re7 37. Bxd7 Rxd7 38. Nf1 Re7 39. Bd2 Re4 40. Bxb4 axb4 41. Ne3 Re8 42. g4 hxg4+ 43. hxg4 fxg4+ 44. Nxg4 Ra8 45. Rb2 Kg7 46. Rh2 Ra3+ 47. Ne3 Nh6 48. Re2 Nf5 49. Ke4 Ng3+ 0-1

[Event "Klaipeda Sea op-A 15th"]
[White "Leclere, Daniel"]
[Black "Boyajyan, David"]
[Site "Klaipeda"]
[Round "2"]
[Result "0-1"]
[Date "2018.07.24"]
[WhiteElo "1649"]
[BlackElo "1655"]
[PlyCount "42"]
[EventDate "2018.07.23"]
[EventType "swiss"]
[EventRounds "7"]
[EventCountry "LTU"]
[SourceTitle "CBM 186 Extra"]
[Source "ChessBase"]
[SourceDate "2018.08.24"]
[SourceVersion "1"]
[SourceVersionDate "2018.08.24"]
[SourceQuality "1"]

1. e4 e6 2. b3 d5 3. Bb2 Nf6 4. e5 Nfd7 5. d4 c5 6. c3 Nc6 7. f4 Qb6 8. Nf3 cxd4 9. cxd4 Bb4+ 10. Bc3 f6 11. Bd3 0-0 12. Qc2 Nxd4 13. Bxh7+ Kh8 14. Qg6 Nxf3+ 15. Ke2 Nd4+ 16. Bxd4 Qxd4 17. Qh5 Qxf4 18. Bg6+ Qh6 19. Qg4 Bc5 20. h4 Nxe5 21. Qh3 Nxg6 0-1

[Event "Plunge op-A 38th"]
[White "Boyajyan, David"]
[Black "Leclere, Daniel"]
[Site "Plateliai"]
[Round "9"]
[Result "1-0"]
[Date "2018.07.22"]
[WhiteElo "1655"]
[BlackElo "1649"]
[PlyCount "65"]
[EventDate "2018.07.16"]
[EventType "swiss"]
[EventRounds "9"]
[EventCountry "LTU"]
[SourceTitle "EXT 2019"]
[Source "ChessBase"]
[SourceDate "2018.10.10"]
[SourceVersion "1"]
[SourceVersionDate "2018.10.10"]
[SourceQuality "1"]

1. d4 Nf6 2. c4 g6 3. Nc3 Bg7 4. e4 d6 5. Be2 0-0 6. Bg5 h6 7. Be3 c6 8. Nf3 e5 9. 0-0 Qc7 10. h3 Nbd7 11. Qd2 Kh7 12. d5 c5 13. a3 a6 14. Ne1 Ng8 15. f4 f5 16. Nf3 fxe4 17. Nxe4 Ne7 18. fxe5 Nf5 19. exd6 Qb6 20. Rab1 Nxe3 21. Qxe3 Ne5 22. Nxe5 Bxe5 23. Ng5+ hxg5 24. Qxe5 Bf5 25. Qe7+ Kg8 26. Rbe1 Qxb2 27. Qxg5 Qd4+ 28. Kh1 Kg7 29. Bg4 Rae8 30. Rxe8 Qxc4 31. Re7+ Rf7 32. Rxf7+ Kxf7 33. Qe7+ 1-0

[Event "Plunge op-A 38th"]
[White "Sarauskas, Andrius"]
[Black "Boyajyan, David"]
[Site "Plateliai"]
[Round "6"]
[Result "1/2-1/2"]
[Date "2018.07.19"]
[WhiteElo "1741"]
[BlackElo "1655"]
[PlyCount "54"]
[EventDate "2018.07.16"]
[EventType "swiss"]
[EventRounds "9"]
[EventCountry "LTU"]
[SourceTitle "EXT 2019"]
[Source "ChessBase"]
[SourceDate "2018.10.10"]
[SourceVersion "1"]
[SourceVersionDate "2018.10.10"]
[SourceQuality "1"]

1. e4 e6 2. d4 d5 3. Nc3 Nf6 4. e5 Nfd7 5. Nce2 c5 6. c3 Nc6 7. Nf3 cxd4 8. cxd4 Bb4+ 9. Nc3 f6 10. exf6 Nxf6 11. Bd3 0-0 12. 0-0 a6 13. Bg5 Bd6 14. a3 Qc7 15. Bh4 Bd7 16. Bg3 Bxg3 17. hxg3 Rae8 18. Rc1 Qd6 19. Ne2 e5 20. dxe5 Nxe5 21. Nxe5 Rxe5 22. Qb3 Ng4 23. f3 Ne3 24. f4 Nxf1 25. fxe5 Qxe5 26. Rxf1 Qe3+ 27. Kh2 Qh6+ 1/2-1/2

[Event "Plunge op-A 38th"]
[White "Boyajyan, David"]
[Black "Kuvsinov, Anatolij"]
[Site "Plateliai"]
[Round "3"]
[Result "1/2-1/2"]
[Date "2018.07.17"]
[WhiteElo "1655"]
[BlackElo "1789"]
[PlyCount "60"]
[EventDate "2018.07.16"]
[EventType "swiss"]
[EventRounds "9"]
[EventCountry "LTU"]
[SourceTitle "EXT 2019"]
[Source "ChessBase"]
[SourceDate "2018.10.10"]
[SourceVersion "1"]
[SourceVersionDate "2018.10.10"]
[SourceQuality "1"]

1. d4 d6 2. Nf3 g6 3. c4 Bg7 4. Nc3 Nf6 5. e4 0-0 6. Be3 Ng4 7. Bg5 f6 8. Bh4 Nh6 9. Be2 c6 10. 0-0 Qb6 11. Qb3 Nf7 12. Rfe1 e5 13. Na4 Qxb3 14. axb3 Na6 15. Red1 Nc7 16. Rac1 b6 17. b4 Ne6 18. Bg3 Rd8 19. d5 cxd5 20. cxd5 Nf8 21. Nd2 Bd7 22. b5 Bh6 23. Rc3 Rdc8 24. Nf1 Nd8 25. f3 Nb7 26. Bf2 Be8 27. Be3 Bxe3+ 28. Nxe3 Rxc3 29. Nxc3 Kf7 30. Nc2 Nd7 1/2-1/2

[Event "Panevezys op-A"]
[White "Boyajyan, David"]
[Black "Bazevicius, Albertas"]
[Site "Panevezys"]
[Round "7"]
[Result "1/2-1/2"]
[Date "2018.07.04"]
[WhiteElo "1655"]
[BlackElo "1851"]
[PlyCount "57"]
[EventDate "2018.06.29"]
[EventType "swiss"]
[EventRounds "9"]
[EventCountry "LTU"]
[SourceTitle "CBM 185 Extra"]
[Source "ChessBase"]
[SourceDate "2018.07.29"]
[SourceVersion "1"]
[SourceVersionDate "2018.07.29"]
[SourceQuality "1"]

1. d4 Nf6 2. c4 e6 3. Nc3 d5 4. cxd5 exd5 5. Bg5 Bb4 6. e3 Bf5 7. Qb3 Bxc3+ 8. bxc3 b6 9. Bxf6 gxf6 10. Nf3 0-0 11. Nh4 Bg6 12. Nxg6 hxg6 13. Bd3 Kg7 14. h4 Rh8 15. 0-0-0 Nc6 16. h5 Qd6 17. hxg6 fxg6 18. Qc2 Ne7 19. Rde1 c5 20. Qe2 c4 21. Bc2 Rxh1 22. Rxh1 Rh8 23. Rxh8 Kxh8 24. Qf3 Kg7 25. Kd2 b5 26. e4 a5 27. exd5 Nxd5 28. Be4 Ne7 29. Qe2 1/2-1/2

[Event "Panevezys op-A"]
[White "Petraitis, Gintautas"]
[Black "Boyajyan, David"]
[Site "Panevezys"]
[Round "6"]
[Result "0-1"]
[Date "2018.07.03"]
[WhiteElo "1838"]
[BlackElo "1655"]
[PlyCount "32"]
[EventDate "2018.06.29"]
[EventType "swiss"]
[EventRounds "9"]
[EventCountry "LTU"]
[SourceTitle "CBM 185 Extra"]
[Source "ChessBase"]
[SourceDate "2018.07.29"]
[SourceVersion "1"]
[SourceVersionDate "2018.07.29"]
[SourceQuality "1"]

1. d4 e6 2. e4 d5 3. Nc3 Nf6 4. Bg5 Be7 5. e5 Nfd7 6. Bxe7 Qxe7 7. f4 a6 8. Nf3 b6 9. Qd2 c5 10. 0-0-0 Nc6 11. Be2 Bb7 12. Kb1 0-0-0 13. Na4 c4 14. b3 b5 15. Nb2 Qa3 16. Qc1 Nb4 0-1